000 00448pab a2200181 454500
008 180718b2009 xxu||||| |||| 00| 0 eng d
100 _aDunem, Joao Ernesto Van
245 _aEstimating border tax evasion in Mozambique
260 _c2009
300 _ap.1010-025.
362 _aJul
650 _aTax evasion
650 _aTaxation
700 _aArndt, Channing
773 _aJournal of Development Studies
908 _aN
909 _a86525
999 _c86525
_d86525